The Epistle to the Hebrews: (Record no. 4561)

MARC details
000 -LEADER
fixed length control field 00495nam a22001697a 4500
003 - CONTROL NUMBER IDENTIFIER
control field GBCCL
005 - DATE AND TIME OF LATEST TRANSACTION
control field 20241126110521.0
008 - FIXED-LENGTH DATA ELEMENTS--GENERAL INFORMATION
fixed length control field 180124b xxu||||| |||| 00| 0 eng d
040 ## - CATALOGING SOURCE
Transcribing agency gbc
082 ## - DEWEY DECIMAL CLASSIFICATION NUMBER
Classification number 227.8706
Item number SMI
100 ## - MAIN ENTRY--PERSONAL NAME
Personal name Smith, Hamilton
9 (RLIN) 8437
245 ## - TITLE STATEMENT
Title The Epistle to the Hebrews:
Remainder of title An Expository Outline /
Statement of responsibility, etc. Hamilton Smith
260 ## - PUBLICATION, DISTRIBUTION, ETC.
Name of publisher, distributor, etc. GBV
Place of publication, distribution, etc. Eschenburg:
300 ## - PHYSICAL DESCRIPTION
Extent 140 p.;
Dimensions 19 cm.
650 ## - SUBJECT ADDED ENTRY--TOPICAL TERM
Topical term or geographic name entry element Bible
Form subdivision N.T.
-- Hebrews
General subdivision Criticism, Interpretation, etc.
9 (RLIN) 8438
942 ## - ADDED ENTRY ELEMENTS (KOHA)
Source of classification or shelving scheme Dewey Decimal Classification
Koha item type Books
Koha issues (borrowed), all copies 6
Holdings
Withdrawn status Lost status Source of classification or shelving scheme Damaged status Not for loan Home library Current Library Shelving location Date acquired Total checkouts Total renewals Full call number Barcode Date last seen Date last checked out Copy number Price effective from Koha item type
    Dewey Decimal Classification     GRACE BIBLE COLLEGE GRACE BIBLE COLLEGE Biblical Studies 2018-01-24 7 1 227.8706 SMI 013119 2026-02-13 2026-02-02 c.1 2018-01-24 Books
© Grace Bible College Library 2025